[Event "SK Metelen 1 - SC Gronau 1"]
[Site "Regionalliga Münsterland 2019"]
[Date "2020.01.11"]
[Round "5.7"]
[White "Reckzuegel, Philipp"]
[Black "Gravenkoetter, Christian"]
[Result "1-0"]
[WhiteElo "1891"]
[BlackElo "1668"]
[PlyCount "65"]
[EventDate "2020.??.??"]
[SourceDate "2019.09.14"]

1. d4 d5 2. c4 c6 3. e3 Nf6 4. Nc3 g6 5. Nf3 Bg7 6. Bd3 O-O 7. O-O dxc4 8. Bxc4
Nd5 9. e4 Nxc3 10. bxc3 Bg4 11. h3 Bxf3 12. Qxf3 Qa5 13. Rb1 b5 14. Bb3 Na6 15.
e5 c5 16. Bxf7+ Kh8 17. Bg5 Qc7 18. Rxb5 e6 19. Rb7 Qc8 20. Bf6 Nc7 21. Bxg7+
Kxg7 22. Qf6+ Kh6 23. Rfb1 Qd7 24. Qh4+ Kg7 25. Bxe6 Qxe6 26. Rxc7+ Rf7 27.
Rbb7 Raf8 28. Re7 Qf5 29. e6 g5 30. Rxf7+ Rxf7 31. Rxf7+ Qxf7 32. Qxg5+ Qg6 33.
Qxg6+ 1-0

[Event "SK Münster 4 - SK Dülmen 1"]
[Site "Regionalliga Münsterland 2019"]
[Date "2020.01.11"]
[Round "5.1"]
[White "Eiersbrock, Robin"]
[Black "Janssen, Dirk"]
[Result "1/2-1/2"]
[WhiteElo "2053"]
[BlackElo "1947"]
[PlyCount "64"]
[EventDate "2020.??.??"]
[SourceDate "2019.09.14"]

1. d4 e6 2. c4 d5 3. Nf3 c5 4. cxd5 exd5 5. Nc3 Nc6 6. g3 Nf6 7. Bg2 Be7 8. O-O
O-O 9. b3 Bg4 10. dxc5 Bxc5 11. Bb2 Qd7 12. Rc1 Be7 13. Nd4 Rfe8 14. Nxc6 bxc6
15. Na4 Rac8 16. f3 Bh3 17. Nc5 Bxc5+ 18. Rxc5 Bxg2 19. Kxg2 Re6 20. Bxf6 Rxf6
21. Qd3 Rh6 22. Kg1 Re8 23. Rc2 Qb7 24. Rd1 Rhe6 25. Kf2 Re3 26. Qd4 Qe7 27.
Rdd2 Qe6 28. Qg4 Qe7 29. Qf4 c5 30. Qh4 Qe6 31. Qg4 Qe7 32. Qh4 Qe6 1/2-1/2

[Event "SK Münster 4 - SK Dülmen 1"]
[Site "Regionalliga Münsterland 2019"]
[Date "2020.01.11"]
[Round "5.2"]
[White "Vogenauer, Nikolas"]
[Black "Grund, Wolfgang"]
[Result "1-0"]
[WhiteElo "1881"]
[BlackElo "1889"]
[PlyCount "67"]
[EventDate "2020.??.??"]
[SourceDate "2019.09.14"]

1. e4 c5 2. Nf3 Nc6 3. Bb5 a6 4. Bxc6 bxc6 5. O-O g6 6. Re1 Bg7 7. c3 d6 8. h3
Rb8 9. d4 cxd4 10. cxd4 e6 11. Nc3 Ne7 12. Qe2 Qb6 13. Bf4 Qd8 14. Rad1 O-O 15.
Rd2 h6 16. Nd1 Rb5 17. Ne3 d5 18. exd5 cxd5 19. Be5 Nc6 20. Bxg7 Kxg7 21. Rc1
Bd7 22. Rdc2 Nb4 23. Rc7 Nxa2 24. R1c5 Nb4 25. Ng4 Rxc5 26. Rxc5 h5 27. Nge5 f6
28. Nxd7 Qxd7 29. Qd2 Rb8 30. Qc3 Rb7 31. Nd2 Qd6 32. Rc8 Qd7 33. Qc5 Nd3 34.
Qf8+ 1-0

[Event "SK Münster 4 - SK Dülmen 1"]
[Site "Regionalliga Münsterland 2019"]
[Date "2020.01.11"]
[Round "5.3"]
[White "Nolting, Bodo"]
[Black "Voss, Andreas"]
[Result "1/2-1/2"]
[WhiteElo "1726"]
[BlackElo "1881"]
[PlyCount "46"]
[EventDate "2020.??.??"]
[SourceDate "2019.09.14"]

1. e4 d5 2. exd5 Nf6 3. d4 Nxd5 4. c4 Nb6 5. Nf3 Bg4 6. Be2 Nc6 7. Be3 Bxf3 8.
Bxf3 Nxc4 9. Qa4 Nb6 10. Bxc6+ bxc6 11. Qxc6+ Qd7 12. Qxd7+ Kxd7 13. Nc3 e6 14.
O-O c6 15. Rac1 Rb8 16. b3 Ba3 17. Rc2 Nd5 18. Nxd5 cxd5 19. Bc1 Bd6 20. Be3
Ba3 21. Bc1 Be7 22. Bf4 Rbc8 23. Rfc1 Rxc2 1/2-1/2

[Event "SK Münster 4 - SK Dülmen 1"]
[Site "Regionalliga Münsterland 2019"]
[Date "2020.01.11"]
[Round "5.4"]
[White "Peters, Helmut"]
[Black "Loedding, Detlef"]
[Result "0-1"]
[WhiteElo "1942"]
[BlackElo "1890"]
[PlyCount "88"]
[EventDate "2020.??.??"]
[SourceDate "2019.09.14"]

1. d4 Nf6 2. Nf3 b6 3. g3 Bb7 4. Bg2 g6 5. O-O Bg7 6. c4 O-O 7. Nc3 d6 8. Qc2
Nbd7 9. e4 e5 10. d5 a5 11. h3 Nc5 12. Be3 Qd7 13. b3 Nh5 14. Kh2 f5 15. h4 f4
16. Bh3 Qe7 17. Bxc5 bxc5 18. Ng5 Bc8 19. Bxc8 Raxc8 20. Ne6 Rf7 21. Rad1 Bh6
22. Qe2 Ng7 23. Nxg7 Kxg7 24. Qg4 Rcf8 25. Kg1 fxg3 26. f3 Rf4 27. Qxg3 Rxh4
28. Ne2 Bf4 29. Nxf4 exf4 30. Qg2 Qe5 31. Kf2 g5 32. Ke2 Rf6 33. Rg1 Rg6 34.
Rd2 h5 35. Rh1 Rxh1 36. Qxh1 g4 37. Qg2 gxf3+ 38. Qxf3 Rg3 39. Qh1 Qg5 40. Qa1+
Kh7 41. Qf1 f3+ 42. Kd3 Rg2 43. Rf2 Rg1 44. Qh3 Rd1+ 0-1

[Event "SK Münster 4 - SK Dülmen 1"]
[Site "Regionalliga Münsterland 2019"]
[Date "2020.01.11"]
[Round "5.5"]
[White "Koetting, Hans Erich"]
[Black "Leder, Nils"]
[Result "0-1"]
[WhiteElo "1888"]
[BlackElo "1861"]
[PlyCount "96"]
[EventDate "2020.??.??"]
[SourceDate "2019.09.14"]

1. d4 Nf6 2. Nf3 d5 3. Bf4 e6 4. e3 c5 5. c3 Nc6 6. Nbd2 Be7 7. g4 Qb6 8. Qc2
Bd7 9. Ne5 Nxe5 10. dxe5 Nxg4 11. Rg1 g5 12. Bxg5 Nxe5 13. Bxe7 Kxe7 14. O-O-O
Qa5 15. f4 Ng6 16. Kb1 b5 17. Nb3 Qb6 18. f5 Ne5 19. e4 a5 20. exd5 exf5 21.
Bg2 Kd6 22. Qf2 a4 23. Nc1 Rag8 24. Rge1 f6 25. Nd3 Rg5 26. Qf4 Rg4 27. Qh6 Rg6
28. Qh4 Nxd3 29. Rxd3 Kc7 30. d6+ Kb8 31. Bh3 Qc6 32. Qf2 Rg5 33. Qd2 Rhg8 34.
a3 Rg1 35. Ka2 Be6+ 36. Kb1 Qe4 37. Bf1 Qc4 38. b3 Qxb3+ 39. Qb2 Qxb2+ 40. Kxb2
Bc4 41. Rde3 Rd8 42. Re8 Rg8 43. d7 Kc7 44. Rxg8 Rxg8 45. Re8 Kxd7 46. Bxc4
Rxe8 47. Bxb5+ Kd8 48. Bxa4 Re2+ 0-1

[Event "SK Münster 4 - SK Dülmen 1"]
[Site "Regionalliga Münsterland 2019"]
[Date "2020.01.11"]
[Round "5.7"]
[White "Tecklenborg, Georg"]
[Black "Schoepper, Oliver"]
[Result "1-0"]
[WhiteElo "1702"]
[BlackElo "1811"]
[PlyCount "111"]
[EventDate "2020.??.??"]
[SourceDate "2019.09.14"]

1. e4 Nf6 2. Nc3 d5 3. exd5 Nxd5 4. Bc4 e6 5. d4 Bb4 6. Nge2 O-O 7. O-O Nc6 8.
Ne4 Nb6 9. Bb3 e5 10. c3 Be7 11. dxe5 Nxe5 12. Bf4 Nd3 13. Qd2 Nxf4 14. Qxf4
Nd5 15. Qe5 c6 16. Rad1 Bf6 17. Qh5 Qe7 18. Bxd5 cxd5 19. Nxf6+ Qxf6 20. Qxd5
Bg4 21. f3 Qb6+ 22. Qd4 Be6 23. Qxb6 axb6 24. a3 Bc4 25. Rfe1 Rfe8 26. Nd4 Red8
27. Re7 Bd5 28. Rde1 Kf8 29. Kf2 Rd6 30. Nb5 Rdd8 31. Nc7 Rac8 32. Nxd5 Rxd5
33. Rxb7 Rb5 34. Ree7 Rf5 35. g4 Rf6 36. Rec7 Rd8 37. Rd7 Re8 38. h4 g6 39. g5
Rf4 40. Kg3 Rf5 41. Rd3 Re6 42. f4 Re4 43. Rb8+ Re8 44. Rxb6 Kg7 45. Rb7 Re4
46. Rd4 Re3+ 47. Kg4 h5+ 48. gxh6+ Kxh6 49. Rbb4 Rc5 50. f5 Rxf5 51. Rf4 Rd5
52. Rxf7 Rdd3 53. Rf2 Rg3+ 54. Kf4 Rh3 55. Ke5 Rhe3+ 56. Re4 1-0

[Event "SK Münster 4 - SK Dülmen 1"]
[Site "Regionalliga Münsterland 2019"]
[Date "2020.01.11"]
[Round "5.8"]
[White "Sokolowski, Cyril"]
[Black "Lober, Sascha"]
[Result "1-0"]
[WhiteElo "1744"]
[BlackElo "1641"]
[PlyCount "59"]
[EventDate "2020.??.??"]
[SourceDate "2019.09.14"]

1. e4 e5 2. Nf3 Nc6 3. Bc4 Nf6 4. d3 h6 5. O-O Bc5 6. c3 d6 7. Nbd2 Bg4 8. a4
Bb6 9. Re1 O-O 10. h3 Be6 11. Bxe6 fxe6 12. Nc4 a6 13. Nxb6 cxb6 14. Qb3 Re8
15. Be3 Nd7 16. Rad1 Kh7 17. d4 Qc7 18. dxe5 dxe5 19. Rd3 Nc5 20. Bxc5 bxc5 21.
Red1 Rad8 22. Ne1 Na5 23. Qc2 c4 24. Rg3 b5 25. axb5 axb5 26. Qe2 Rxd1 27. Qxd1
Qd8 28. Qh5 g5 29. Qf7+ Kh8 30. Qg6 1-0